[Event "Le Touquet op 22nd B"]
[Site "Le Touquet"]
[Date "2007.11.02"]
[Round "9.1"]
[White "Da Costa, Herve"]
[Black "Fantin, Alison"]
[Result "1-0"]
[WhiteElo "1840"]
[BlackElo "1896"]
[PlyCount "57"]
[EventDate "2007.10.27"]
[EventType "swiss"]
[EventRounds "9"]
[EventCountry "FRA"]
[SourceTitle "EXT 2024"]
[Source "ChessBase"]
[SourceDate "2023.10.10"]
[SourceVersion "1"]
[SourceVersionDate "2023.10.10"]
[SourceQuality "1"]

1. d4 d5 2. c4 c6 3. Nc3 Nf6 4. Nf3 e6 5. Bg5 h6 6. Bh4 Nbd7 7. e3 Bd6 8. Rc1 0-0 9. cxd5 exd5 10. Bd3 a6 11. 0-0 Qc7 12. Bb1 Re8 13. Qc2 Qb8 14. Kh1 Ne4 15. Nxe4 dxe4 16. Nd2 f5 17. f3 exf3 18. Rxf3 Nf8 19. e4 fxe4 20. Nxe4 Bf4 21. Rcf1 Ne6 22. Nf6+ gxf6 23. Qg6+ Kf8 24. Qxf6+ Kg8 25. Qg6+ Kf8 26. Qxh6+ Kg8 27. Bh7+ Kh8 28. Bf6+ Ng7 29. Bxg7# 1-0

[Event "Le Touquet op 22nd B"]
[Site "Le Touquet"]
[Date "2007.10.31"]
[Round "6.1"]
[White "Gaillard, Bruno"]
[Black "Da Costa, Herve"]
[Result "0-1"]
[WhiteElo "1894"]
[BlackElo "1840"]
[PlyCount "56"]
[EventDate "2007.10.27"]
[EventType "swiss"]
[EventRounds "9"]
[EventCountry "FRA"]
[SourceTitle "EXT 2024"]
[Source "ChessBase"]
[SourceDate "2023.10.10"]
[SourceVersion "1"]
[SourceVersionDate "2023.10.10"]
[SourceQuality "1"]

1. e4 e5 2. Nf3 Nc6 3. Nc3 Nf6 4. d4 exd4 5. Nxd4 Bc5 6. Nxc6 bxc6 7. Bg5 d6 8. Qf3 Bd7 9. Bc4 h6 10. Bxf6 Qxf6 11. Qxf6 gxf6 12. Na4 Bd4 13. c3 Be5 14. 0-0 f5 15. f4 Bg7 16. e5 Be6 17. Bxe6 fxe6 18. Rad1 Ke7 19. exd6+ cxd6 20. Rfe1 h5 21. Re2 Rh6 22. Red2 e5 23. fxe5 Bxe5 24. Re2 Re6 25. Rde1 Kf6 26. Kf2 h4 27. Re3 Rae8 28. c4 Bd4 0-1

[Event "Le Touquet op-B 19th"]
[Site "Le Touquet"]
[Date "2004.10.25"]
[Round "1"]
[White "Klipper, Noemie"]
[Black "Da Costa, Herve"]
[Result "0-1"]
[WhiteElo "1630"]
[BlackElo "1890"]
[PlyCount "148"]
[EventDate "2004.10.25"]
[EventType "swiss"]
[EventRounds "9"]
[EventCountry "FRA"]
[SourceTitle "EXT 2006"]
[Source "ChessBase"]
[SourceDate "2005.11.24"]
[SourceVersion "1"]
[SourceVersionDate "2005.11.24"]
[SourceQuality "1"]

1. e4 e5 2. Nf3 Nc6 3. d4 exd4 4. Nxd4 Nf6 5. Nxc6 bxc6 6. e5 Qe7 7. Qe2 Nd5 8. c4 Qb4+ 9. Nd2 Ne7 10. b3 Qc3 11. Rb1 Ng6 12. Bb2 Qc2 13. Qd3 Qxd3 14. Bxd3 Nf4 15. Be4 Bc5 16. g3 Nh3 17. Rf1 Ng5 18. Bg2 0-0 19. f4 Ne6 20. Ne4 Bd4 21. Bxd4 Nxd4 22. Kd2 Nf5 23. g4 Ne7 24. h3 a5 25. Kc3 Ba6 26. Rfd1 Rfd8 27. Rd2 Ng6 28. Rf1 Ra7 29. Ng3 Bb7 30. Ne4 Ba8 31. a3 h6 32. c5 Bb7 33. Ng3 Ne7 34. Nf5 Kf8 35. Nxe7 Kxe7 36. Rfd1 Raa8 37. Kc4 Rab8 38. b4 axb4 39. axb4 Ra8 40. Kb3 Ba6 41. Ra2 Bc4+ 42. Kxc4 Rxa2 43. Be4 Ra3 44. Bd3 f6 45. exf6+ Kxf6 46. Bf5 d5+ 47. cxd6 Rxd6 48. Bd3 Rd5 49. h4 Ra2 50. Rg1 Rd2 51. Rg3 Rf2 52. Be4 Rxf4 53. Rf3 Rxf3 54. Bxf3 Rd6 55. Kc5 Ke5 56. Bxc6 Kf4 57. h5 Kxg4 58. Be8 Kf4 59. b5 Ke5 60. Bf7 Kf6 61. Bg6 Ke7 62. Bc2 Rd2 63. Bg6 Rd1 64. Bf5 Rc1+ 65. Kd5 Kf6 66. Be4 Rd1+ 67. Kc6 Ke5 68. Bg6 Rc1+ 69. Kb7 Kd6 70. Be8 Ke7 71. Bg6 Rc5 72. Ka6 Kd7 73. Bf7 Rf5 74. Bg6 Rf6+ 0-1